000 01504nam a2200361 c 4500
003 BLK
005 20180421000606.0
008 180411b bul|||||r ||||||| ||bul||
010 _aKNG00198753000
040 _aBLK
041 _aBUL
_cBUL
080 _aХидротерапия (водотерапия). Балнеолечение. Курортотерапия - Лечение с бани, горещи бани, сауна, хладни бани, речно къпане, влажни фрикции, компреси, с "жива вода"(алкално активирана, с ph 9, 6;курорт
_b615.838
_x(497.2)
_z615.838(497.2)
100 1 _aСтанчев, Коста
_eпърви автор
_9344934
139 _aСтанчев, Коста
_bС 70
245 1 0 _aВелинград
_cКоста Станчев.
250 _a2. изд.
257 _aBGR
260 София
_bМедицина и физкултура
_c1978
_fПловдив : Д. Благоев
300 _a80 с.
_bс ил.
_c17 см
380 _a91
490 1 _aНаши курорти
500 _a1. изд. 1975. - 14 100 тир.
650 4 _aКурортотерапия - България
_9160017
651 4 _aБългария
_9241624
653 _aкурорти
653 _aтерапия
653 _aВелинград
852 _aЦб І 16203
856 4 _qpdf
_u
856 4 _qpdf
_u
942 _cKNG
_n0
944 _aCR
_c23.12.2016
_kЕлиз_Шакирова
944 _aED
_c23.12.2016
_kЕлиз_Шакирова
999 _c189707
_d189707